000 00455nam a2200169Ia 4500
008 121217t1962 xxu||||| |||| 00| 0 sin d
041 _asin
080 _a8S-31
_bRAJ
100 _aRajapaksha, Victor
245 _aමුකවාමන අවතාරය
246 _aMukawamana Awatharaya
260 _bP.Jayasiri Munidasa
_aAmbalangoda
_c1962
300 _a142p., 18 cm
942 _cBK
999 _c69508
_d69508
003 LK-CoDNM
040 _aLK-CoDNM
_dLK-CoDNM
_eLK-CoDNM